Obálka Náhled e-knihy:
PDF Epub
Pro půjčování e-knih musíte být přihlášeni.
Jak si půjčit online?

Statočný chlapík /

Pri výstavbe lyžiarskeho strediska na Kysuciach stavbári objavia na starom cintoríne rozpadnutú skrinku s mobilným telefónom z roku 2001. Detektív Bauer rozpletá záhadu, ktorá ho zavedie do Košíc aj Ružomberka a k príbehu Milana, ktorý je nezvestný už sedemnásť rokov. Príbeh, ktorý si vypočuje, odpo...

Celý popis

Uloženo v:
Hlavní autor: Babarík, Ján (Autor)
Médium: E-kniha
Jazyk:Czech
Vydáno: Praha : Albatros Media Slovakia s.r.o., 2026
Tagy:
Žádné tagy
LEADER 01445nam a22002297i 4500
001 302750
007 ta
008 260514s2026 xr ||||| |||| 00| 0 cze d
020 |a 9788056651599 
044 |a xr 
100 1 |a  Babarík, Ján  |4 aut 
245 1 0 |a Statočný chlapík /  |c  Babarík, Ján 
264 1 |a Praha :  |b Albatros Media Slovakia s.r.o.,  |c 2026 
300 |a 1 online zdroj (368 stran) 
336 |a text  |b txt  |2 rdacontent 
337 |a bez média  |b n  |2 rdamedia 
338 |a online zdroj  |b cr  |2 rdacarrier 
520 2 |a Pri výstavbe lyžiarskeho strediska na Kysuciach stavbári objavia na starom cintoríne rozpadnutú skrinku s mobilným telefónom z roku 2001. Detektív Bauer rozpletá záhadu, ktorá ho zavedie do Košíc aj Ružomberka a k príbehu Milana, ktorý je nezvestný už sedemnásť rokov. Príbeh, ktorý si vypočuje, odporuje zdravému rozumu – až kým staré rodinné fotografie nenaznačia nemožné. Prepadol sa Milan do minulosti? A ak áno, nájde cestu späť? 
910 |a RBIT002 
998 |d 427008  |a https://core.palmknihy.cz/api/books/427008/cover?tesgim  |b https://core.palmknihy.cz/api/books/427008/cover/400?tesgim  |c https://core.palmknihy.cz/api/books/427008/cover/50?tesgim  |e 2037-12-31  |g 368  |i 9788056651599  |j https://core.palmknihy.cz/api/books/427008/preview.epub  |k https://core.palmknihy.cz/api/books/427008/preview.pdf  |l   |q 49  |r 1  |s https://www.palmknihy.cz/kniha/427008  |t ebook  |y 2026  |z 1 
999 |d 302748